Cyclisme - Top 100 Europe Tour UCI 2023 - Statistiques

Statistiques générales
  • Ce quiz a été pris 191 fois
  • Le résultat moyen est 52 sur 100
Statistiques - réponses
Rang Nationalité Equipe Coureur % Correct
1 Slovénie UAE Team Emirates Tadej Pogacar
100%
2 Danemark Jumbo Visma Jonas Vingegaard
99%
4 Slovénie Jumbo Visma Primoz Roglic
99%
5 Belgique Jumbo Visma Wout Van Aert
99%
8 Royaume Uni UAE Team Emirates Adam Yates
98%
11 Royaume Uni Team Jayco AlUla Simon Yates
98%
7 Pays Bas Alpecin Deceuninck Mathieu Van Der Poel
97%
3 Belgique Soudal Quick Step Remco Evenepoel
97%
17 France Jumbo Visma Christophe Laporte
93%
35 France Goupama FDJ David Gaudu
91%
9 Belgique Alpecin Deceuninck Jasper Philipsen
91%
6 Danemark Lidl Trek Mads Pedersen
91%
20 France Groupama FDJ Thibaut Pinot
91%
10 Portugal UAE Team Emirates Joao Almeida
89%
42 France Team dsm firmenich Romain Bardet
87%
24 France Goupama FDJ Valentin Madouas
86%
23 Russie Bora Hansgrohe Aleksandr Vlasov
84%
22 Suisse Goupama FDJ Stefan Kung
84%
19 Slovénie Bahrain Victorious Matej Mohoric
83%
15 Italie Ineos Grenadiers Filippo Ganna
82%
28 Royaume Uni Ineos Grenadiers Geraint Thomas
81%
32 France Cofidis Guillaume Martin
81%
12 Suisse UAE Team Emirates Marc Hirschi
80%
21 Irlande EF Education EasyPost Ben Healy
78%
30 Autriche Ag2r Citroen Team Felix Gall
78%
18 Espagne Bahrain Victorious Mikel Landa
76%
14 Belgique Lotto Dstny Arnaud De Lie
75%
25 Royaume Uni Ineos Grenadiers Tom Pidcock
75%
41 Espagne Movistar Team Enric Mas
73%
16 Espagne Bahrain Victorious Pello Bilbao
73%
13 Danemark Lidl Trek Mattias Skjelmose
70%
34 Espagne Ineos Grenadiers Carlos Rodriguez
69%
33 Portugal Intermarché Circus Wanty Rui Costa
69%
26 Espagne UAE Team Emirates Juan Ayuso
65%
70 France Soudal Quick Step Julian Alaphilippe
65%
36 Italie Lidl Trek Giulio Ciccone
63%
62 France Team Arkéa Samsic Arnaud Démare
61%
29 Belgique Jumbo Visma Tiesj Benoot
61%
92 France Team Arkéa Samsic Warren Barguil
61%
46 Fance Ineos Grenadiers Pavel Sivakov
58%
76 France Cofidis Victor Lafay
56%
56 Norvège Uno X Pro Cycling Team Alexander Kristoff
55%
80 France Groupama FDJ Lenny Martinez
54%
53 France Cofidis Bryan Coquard
52%
45 Pays Bas Team Jayco AlUla Dylan Groenewegen
51%
44 Espagne Cofidis Ion Izagirre
50%
27 Pays Bas Jumbo Visma Olav Kooij
50%
37 Italie Bahrain Victorious Damiano Caruso
49%
60 Belgique Soudal Quick Step Tim Merlier
49%
71 Danemark Soudal Quick Step Kasper Asgreen
46%
59 France Groupama FDJ Romain Grégoire
44%
65 Pays Bas Bahrain Victorious Wout Poels
44%
79 Espagne Cofidis Jesus Herrada
43%
51 Norvège Uno X Pro Cycling Team Tobias Johannessen
43%
50 Belgique Bora Hansgrohe Jordi Meeus
41%
55 Belgique Lotto Dstny Maxim Van Gils
41%
48 Lettonie Lidl Trek Toms Skujins
41%
63 Italie Bahrain Victorious Jonathan Milan
40%
54 Danemark Alpecin Deceuninck Soren Kragh Andersen
40%
31 Italie Soudal Quick Step Andrea Bagioli
39%
40 Danemark Lotto Dstny Andreas Kron
39%
91 Hongrie Jumbo Visma Atilla Valter
39%
89 Pays Bas EF Education EasyPost Marijn Van Den Berg
39%
93 Pologne Ineos Grenadiers Michal Kwiatkowski
39%
64 Belgique Soudal Quick Step Yves Lampaert
39%
43 Belgique Soudal Quick Step Ilan Van Wilder
36%
58 Belgique Lidl Trek Jasper Stuyven
35%
73 Italie UAE Team Emirates Matteo Trentin
35%
72 Belgique UAE Team Emirates Tim Wellens
35%
38 Espagne Movistar Team Alex Aranburu
31%
82 Autriche UAE Team Emirates Felix Grossschartner
31%
100 Royaume Uni Ineos Genadiers Joshua Tarling
31%
47 France Cofidis Axel Zingle
29%
66 Pays Bas Bora Hansgrohe Danny Van Poppel
29%
85 Allemagne Intermarché Circus Wanty Georg Zimmermann
28%
52 Allemagne Bora Hansgrohe Lennard Kamna
28%
94 Italie Team Arkéa Samsic Luca Mozzato
28%
78 France TotalEnergies Mathieu Burgaudeau
28%
57 Norvège Uno X Pro Cycling Team Rasmus Tiller
27%
90 Irlande Team Jayco AlUla Edward Dunbar
26%
81 Norvège Uno X Pro Cycling Team Soren Waerenskjold
25%
39 Belgique Lotto Dstny Florian Vermeersch
24%
61 Royaume Uni Ineos Grenadiers Tao Geoghegan Hart
24%
49 Belgique Intermarché Circus Wanty Gerben Thijssen
23%
77 Suisse Soudal Quick Step Mauro Schmid
23%
75 Italie Team Jayco AlUla Filippo Zana
20%
87 France Goupama FDJ Paul Penhoet
20%
74 Italie Astana Qazaqstan Team Simone Velasco
20%
68 Belgique Bora Hansgrohe Cian Uijtdebroeks
19%
69 Italie Intermarché Circus Wanty Lorenzo Rota
19%
99 Italie UAE Team Emirates Davide Formolo
17%
88 Belgique Lidl Trek Edward Theuns
16%
97 Espagne Movistar Team Oier Lazkano
15%
83 Italie UAE Team Emirates Diego Ulissi
14%
96 Italie Q36.5 Pro Cycling Team Matteo Moschetti
14%
98 Espagne Movistar Team Ivan Garcia Cortina
13%
95 Pays Bas Intermarché Circus Wanty Mike Teunissen
13%
67 Belgique Lotto Dstny Milan Menten
10%
86 Belgique Lotto Dstny Jasper De Buyst
9%
84 Royaume Uni Astana Qazaqstan Team Mark Cevendish
3%
Aucun quiz correspondant
Distribution des résultats
% des personnes avec chaque résultat
Percentile par nombre de réponses
Votre historique - résultats
Vous n’avez pas pris ce quiz